| 000 | 01258nam a2200265Ia 4500 | ||
|---|---|---|---|
| 003 | OSt | ||
| 005 | 20221005105747.0 | ||
| 006 | a|||||r|||| 00| 0 | ||
| 007 | ta | ||
| 008 | 221004b |||||||| |||| 00| 0 hin d | ||
| 020 |
_a9788173092916 (pbk) _c80 |
||
| 024 | _a13627 | ||
| 037 |
_b1136, 20/03/2014, Anamika Publishers & Distributors Pvt. Ltd. _cTextual |
||
| 040 |
_aCRL _cCRL _bhin |
||
| 041 |
_2hin _ahin |
||
| 082 | _aW1,N, 152Q3 | ||
| 100 | _aनेहरू, जवाहर लाल | ||
| 245 | 0 |
_aइतिहास के महापुरूष _b संसार के इतिहास - निर्माता महापुरूषों की रोचक कहानियॉं |
|
| 246 | _aItihās ke mahāpurūṣha: sansār ke itihās - nirmātā mahāpurūṣhoan kī rochak kahāniyaॉan | ||
| 260 |
_aनई दिल्ली _bसस्ता साहित्य मण्डल प्रकाशन भारत _c2013 |
||
| 300 |
_a208पृ0 _ccm. |
||
| 650 | _aराजनीतिक विज्ञान | ||
| 942 |
_hW1,N, 152Q3 _cTEXL _2cc |
||
| 999 |
_c1016823 _d1016823 |
||